000 01151nam a2200265 4500
003 EC-UNACH
006 s||||gr|||| 00| 00
008 150116t9999 mx r gr 000 0 spa d
020 _a978-9942-34-103-7
040 _aEC-UNACH
_cEC-UNACH
041 _aEspañol
082 0 4 _223
_a808.81
_bL017679
100 _aRodinás, Juan José
245 _aAlgoritmo para cambiar el flujo de los ríos
_bAntología 2020 - 2000
250 _aPrimera Edición
264 _aQuito - Ecuador
_bEditorial Casa de la Cultura Ecuatoriana
_c2023
300 _a455 páginas
_bGráficos
_c20 x 14 centímetros
501 _aIncluye índice
505 _aUna casa ambulante -- Un hombre lento -- Yaraví para cantar bajo los cielos del norte -- Cuaderno de yorkshire -- Kurdistán -- Kurdistán -- La zona industrial -- Anhedonia -- Estereozen -- Cromosoma -- Código de barras -- Barrido de campo -- Los riachuelos de la montaña -- Blues de las esferas -- Viaje a la mansedumbre -- Los rastros.
650 _aPOESÍA
942 _2ddc
_c1
999 _c13469